00335nam a2200121Ia 4500082001800000100001900018245004700037260002500084300001400109504003600123650003500159650001900194 a341.753 WIE-G aWiener, Jarrod 0aGlobalization and the harmonization of law aLondonbPinterc1999 axiii, 220 aincludes bibliography and index aLawvInternational unification aCommercial law